ARRUPE JESUIT UNIVERSITY

CORONAVIRUS -STOP THE SPREAD - CLEAN,DISINFECT,COVER

Gender & genocide in Burundi (Record no. 883)

MARC details
000 -LEADER
fixed length control field 00640nam a2200253Ia 4500
003 - CONTROL NUMBER IDENTIFIER
control field 0100
008 - FIXED-LENGTH DATA ELEMENTS--GENERAL INFORMATION
fixed length control field 130227s9999 xx 000 0 und d
020 ## - INTERNATIONAL STANDARD BOOK NUMBER
International Standard Book Number 9781847013064
040 ## - CATALOGING SOURCE
Transcribing agency ARRUPELIB
050 ## - LIBRARY OF CONGRESS CALL NUMBER
Classification number DT450.85.D35 2008
100 ## - MAIN ENTRY--PERSONAL NAME
Personal name Daley, Patricia O.
9 (RLIN) 30307
245 ## - TITLE STATEMENT
Title Gender & genocide in Burundi
245 ## - TITLE STATEMENT
Remainder of title The Search for spaces of peace in the Great Lakes Region
260 ## - PUBLICATION, DISTRIBUTION, ETC. (IMPRINT)
Place of publication, distribution, etc Oxford
Name of publisher, distributor, etc James Currey
Date of publication, distribution, etc 2008
300 ## - PHYSICAL DESCRIPTION
Extent xv
300 ## - PHYSICAL DESCRIPTION
Other physical details 268p 22cm
440 ## - SERIES STATEMENT/ADDED ENTRY--TITLE
Title African issues
9 (RLIN) 30308
650 ## - SUBJECT ADDED ENTRY--TOPICAL TERM
Topical term following geographic name as entry element Political violence
General subdivision History
Geographic subdivision Burundi
9 (RLIN) 30309
650 ## - SUBJECT ADDED ENTRY--TOPICAL TERM
Topical term following geographic name as entry element Burundi
General subdivision Politics
9 (RLIN) 30202
650 ## - SUBJECT ADDED ENTRY--TOPICAL TERM
Topical term following geographic name as entry element Genocide
General subdivision Sociological aspects
Geographic subdivision Burundi
9 (RLIN) 30310
650 ## - SUBJECT ADDED ENTRY--TOPICAL TERM
Topical term following geographic name as entry element Feminist theory
9 (RLIN) 30311
650 ## - SUBJECT ADDED ENTRY--TOPICAL TERM
Topical term following geographic name as entry element Masculinity
Geographic subdivision Burundi
9 (RLIN) 30312
942 ## - ADDED ENTRY ELEMENTS (KOHA)
Source of classification or shelving scheme Library of Congress Classification
Koha issues (borrowed), all copies 11
Item type Monograph ( Printed materials)
Holdings
Withdrawn status Lost status Source of classification or shelving scheme Damaged status Not for loan Collection code Home library Current library Shelving location Date acquired Total Checkouts Full call number Barcode Date last seen Date last borrowed Copy number Price effective from Koha item type
    Library of Congress Classification     Main Collection ARRUPE LIBRARY ARRUPE LIBRARY   27/02/2013 23 DT450.85.D35 2008 46401642 07/05/2024 15/11/2021 1 27/02/2013 Monograph ( Printed materials)

 

Arrupe Library. PO Box MP320 Mt Pleasant, Harare, Zimbabwe
263 242 745411|librarian@aju.ac.zw